000 00914nam a2200229 a 4500
001 000210731
003 AM-YeHGA
005 20250617124140.0
008 950720s1981 ai ||||| |||| 00| 0 rus d
040 _aAM-YeHGA
041 0 _arus
100 1 _aСамвелян, Вероника Минасовна
245 1 0 _aЭкспериментальная терапия отека головного мозга /
_cВ.М. Самвелян ; Под ред. [и с предисл.] Л.А. Матиняна.
260 _aЕреван :
_bАйастан,
_c1981.
300 _a139 с. :
_bил. ;
_c20 см.
504 _aБиблиогр.: с. 121-137.
546 _aРез. англ.
653 0 _aМозг головной - Отек экспериментальный - Лечение
700 1 _aՄատինյան, Լևոն Արշալույսի,
_d1923-
_4edt
_qред.
942 _2udc
_cBK
090 _c74833
999 _c73614
_d73614